| Tag |
First Indicator |
Second Indicator |
Subfields |
| LEADER |
00000cam a2200000Ma 4500 |
| 001 |
in00001827421 |
| 005 |
20151026064804.0 |
| 008 |
970916s1982 caua b 000 0 eng d |
| 035 |
|
|
|a (OCoLC)ocm37811818
|
| 040 |
|
|
|a CUT
|c CUT
|d OCLCQ
|d TXA
|d UtOrBLW
|
| 041 |
0 |
|
|a eng
|a spa
|
| 043 |
|
|
|a pn-----
|a n------
|
| 049 |
|
|
|a TXAM
|
| 050 |
|
4 |
|a GC851
|b .P4436 1982
|
| 090 |
|
|
|a GC1
|b .C37 no. 82-21
|
| 245 |
0 |
0 |
|a Physical and chemical data :
|b CalCOFI Cruise 7712 29 November-20 December 1977, CalCOFI Cruise 7801 5 January-1 February 1978, CalCOFI Cruise 7803 17 February-15 March 1978, CalCOFI Cruise 7804 29 March-26 April 1978 = Crucero AH-7712, JD-7712 29 de noviembre-20 de diciembre 1977, Crucero AH-7801, JD-7801 5 de enero-1 de febrero 1978, Crucero AH-7803, JD-7803 17 de febrero-15 de marzo 1978, Crucero AH-7804 29 de marzo-26 de abril 1978 /
|c sponsored by Marine Research Committee.
|
| 246 |
3 |
1 |
|a Crucero AH-7712, JD-7712 29 de noviembre-20 de diciembre 1977, Crucero AH-7801, JD-7801 5 de enero-1 de febrero 1978, Crucero AH-7803, JD-7803 17 de febrero-15 de marzo 1978, Crucero AH-7804 29 de marzo-26 de abril 1978
|
| 264 |
|
1 |
|a [La Jolla, Calif.] :
|b University of California, Scripps Institution of Oceanography,
|c 1982.
|
| 300 |
|
|
|a 239 pages :
|b illustrations ;
|c 28 cm.
|
| 336 |
|
|
|a text
|b txt
|2 rdacontent
|
| 337 |
|
|
|a unmediated
|b n
|2 rdamedia
|
| 338 |
|
|
|a volume
|b nc
|2 rdacarrier
|
| 490 |
1 |
|
|a SIO reference ;
|v 82-21
|
| 500 |
|
|
|a On cover: Data report.
|
| 546 |
|
|
|a English and Spanish.
|
| 500 |
|
|
|a Chiefly tables.
|
| 500 |
|
|
|a "November 1982"--Cover.
|
| 504 |
|
|
|a Includes bibliographical references (pages 8-9).
|
| 650 |
|
0 |
|a Oceanography
|z North Pacific Ocean.
|
| 650 |
|
0 |
|a Oceanography
|z North America
|z Pacific Coast.
|
| 710 |
2 |
|
|a California Cooperative Oceanic Fisheries Investigations (Program)
|
| 710 |
1 |
|
|a California.
|b Marine Research Committee.
|
| 830 |
|
0 |
|a SIO reference ;
|v no. 82-21.
|
| 948 |
|
|
|a cataloged
|b h
|c 2004/6/10
|d c
|e mphillip
|f 6:14:38 pm
|
| 994 |
|
|
|a E0
|b TXA
|
| 999 |
|
|
|a MARS
|
| 999 |
f |
f |
|s 0375aa6c-85cc-344c-972a-08642da25424
|i a8059b82-8c1d-3451-9ca4-57518c07dff2
|t 0
|
| 952 |
f |
f |
|p ric
|a Texas A&M University
|b Rellis Campus
|c Joint Library Facility
|d Remote Storage
|t 0
|e GC1 .C37 no.82-21
|h Library of Congress classification
|i unmediated -- volume
|m A14831942143
|
| 998 |
f |
f |
|a GC1 .C37 no.82-21
|t 0
|l Remote Storage
|